000 00620nam a2200217Ia 4500
003 GCL
008 140319s9999 xx 000 0 ara d
040 _aGCL /
_cGCL
082 0 4 _a320.5|
_bا ت
100 1 _aاحمد ثابت
245 1 0 _aالتعددية السياسية -دراسة /
_cاحمد ثابت
260 _a[S.N] :
_bالهيئة المصرية العامة للكتاب ،
_c1990
300 _a108 ص
490 _a
650 0 4 _aالمجتمع
650 0 4 _aالوطن العربى
650 0 4 _aالسياسة
650 0 4 _aالاحزاب
650 0 4 _aالتعددية
942 _2ddc
_cBK
999 _c30692
_d30692